000 00210 a2200097 4500
001 42674
100 _aGrenfell
245 _aThe Bismarck episode
260 _aLondon
_bFaber & Faber
_c
090 _c26569
_d26569
942 _aNUST-CAE
_cM
_c18412
999 _c277747
_d277747